[Event "Caen Alekhine op-A 22nd"]
[Site "Caen"]
[Date "2012.11.01"]
[Round "1"]
[White "Shchekachev, Andrei"]
[Black "Levy, Claude"]
[Result "1-0"]
[WhiteElo "2519"]
[BlackElo "1844"]
[PlyCount "59"]
[EventDate "2012.11.01"]
[EventType "swiss"]
[EventRounds "7"]
[EventCountry "FRA"]
[SourceTitle "EXT 2013"]
[Source "ChessBase"]
[SourceDate "2012.11.22"]
[SourceVersion "1"]
[SourceVersionDate "2012.11.22"]
[SourceQuality "1"]

1. Nf3 e6 2. c4 d5 3. d4 Nf6 4. Nc3 Be7 5. Bf4 c6 6. e3 0-0 7. Qc2 Nbd7 8. h3 h6 9. a3 dxc4 10. Bxc4 Nb6 11. Ba2 Nbd5 12. Bh2 Re8 13. 0-0 Bd6 14. Bxd6 Nxc3 15. bxc3 Qxd6 16. e4 Qf4 17. Rfe1 Bd7 18. e5 Nh7 19. Re4 Qf5 20. Rae1 c5 21. Qd2 Bc6 22. Rf4 Qh5 23. Rh4 Qg6 24. Bb1 f5 25. exf6 Qxf6 26. Rf4 Qe7 27. Ne5 cxd4 28. cxd4 Qg5 29. f3 Rf8 30. Qd3 1-0